| 000 | 01008nam a2200253 a 4500 | ||
|---|---|---|---|
| 001 | 50604 | ||
| 003 | BD-RjUL | ||
| 005 | 20211209075533.0 | ||
| 008 | 160828s1963 ii b 000 0 ben | ||
| 020 | _c: IRs. 20.00 | ||
| 035 | _a(BD-RjUL)50724 | ||
| 040 |
_aDLC _cWa _dDLC _dBD-RjUL _bben/eng |
||
| 041 | _aben | ||
| 082 | 0 | 0 |
_a891.4409 _223 _bSEB 1963 |
| 100 | 1 |
_aসেন, সুকুমার _9219657 |
|
| 245 | 1 | 0 |
_aবাঙ্গালা সাহিত্যের ইতিহাস / _cসুকুমার সেন |
| 250 | _a৫ম সং. | ||
| 260 |
_aকলিকাতা : _bইস্টার্ন পাবলিশার্স, _c১৯৬৩ (১৩৭০ বাং) |
||
| 300 |
_a খণ্ড : _bচিত্র ; _c২২ সেমি. |
||
| 505 | 1 | _a খণ্ড ২, ঊনবিংশ শতাব্দ -- | |
| 650 |
_a বাংলা সাহিত্য _xইতিহাস _9219658 |
||
| 650 |
_aBengali literature _xHistory _9219659 |
||
| 942 |
_2ddc _cBK |
||
| 999 |
_c50604 _d50604 |
||